Strategic Management Text and Cases/ (Record no. 193387)

MARC details
000 -LEADER
fixed length control field 00736nam a22001937a 4500
005 - DATE AND TIME OF LATEST TRANSACTION
control field 20230823104951.0
010 ## - LCCN (DPL NO)
LC control number ENG-135551
020 ## - INTERNATIONAL STANDARD BOOK NUMBER
Terms of availability 191.00
International Standard Book Number 9789380831138
035 ## - SYSTEM CONTROL NUMBER
System control number EN-119083
037 ## - SOURCE OF ACQUISITION
Source of stock number/acquisition DBAD/PUB
082 ## - DEWEY DECIMAL CLASSIFICATION NUMBER
Classification number 658.4012
100 ## - MAIN ENTRY--PERSONAL NAME
Personal name prasad, R shiv ram
245 ## - TITLE STATEMENT
Title Strategic Management Text and Cases/
Statement of responsibility, etc By R shiv ram prasad [and] K V S N jawahar babu
260 ## - PUBLICATION, DISTRIBUTION, ETC. (IMPRINT)
Name of publisher, distributor, etc studentahelpline publishing house pvt ltd
Date of publication, distribution, etc 2011
Place of publication, distribution, etc Hyderabad
270 ## - ADDRESS
Address 326/c, surneni nilayam, 1st floor, near b k guda park, s.r. nagar,
City Hyderabad
Postal code 500038
Telephone number 914023710657
Fax number 4023810657
Electronic mail address studenthelpline.in@gmail.com
300 ## - PHYSICAL DESCRIPTION
Extent v.p.
Dimensions 24cm(hbk)
700 ## - ADDED ENTRY--PERSONAL NAME
Personal name Babu, K V S N jawahar
Relator term author
942 ## - ADDED ENTRY ELEMENTS (KOHA)
Source of classification or shelving scheme Dewey Decimal Classification
Item type English Books
Call number suffix PRA
Classification part 658.4012
Holdings
Withdrawn status Lost status Not for loan Collection code Home library Current library Date acquired Source of acquisition Cost, normal purchase price Full call number Barcode Copy number Cost, replacement price Koha item type
      Non-fiction R.K.Puram-8 R.K.Puram-8 27/10/2022 DBAD/PUB 191.00 658.4012 PRA EN-119083 1 191.00 English Books

© Delhi Public Library
Hit Counter
free hit counter